Страны, начинающиеся на букву Л - Statistics

General Stats
  • This quiz has been taken 3 077 times
  • The average score is 7 of 9
Answer Stats
Страна % Correct
Латвия
91%
Литва
90%
Ливия
81%
Ливан
79%
Люксембург
72%
Лаос
68%
Лихтенштейн
68%
Либерия
58%
Лесото
48%
No matching quizzes found
Score Distribution
Percent of People with Each Score
Percentile by Number Answered
Your Score History
You have not taken this quiz